000 00971nam a2200277 i 4500
001 10980
003 KOSZ 005
005 20200218121425.0
008 090326s1955 pl a f 000 0 pol
015 _aPB 1955/2530
040 _aWA N
_cKOSZ 005/RW
_dKOSZ 005/RW
_dKOSZ 005/HR
046 _k1955
080 _a528
100 1 _aKamela, Czesław
_d(1910-1992)
_eAutor
245 1 0 _aGeodezja dynamiczna.
_nT. 2 /
_cCzesław Kamela.
260 _aWarszawa :
_bPaństwowe Przedsiębiorstwo Wydawnictw Kartograficznych,
_c1955.
300 _a431, [1] s., [2] k. tabl. :
_bil. ;
_c24 cm.
380 _aKsiążki.
388 _a1901-
504 _aBibliogr. s. 425-[427].
658 _aGeografia i nauki o Ziemi
650 4 _aGeodezja
710 2 _aPaństwowe Przedsiębiorstwo Wydawnictw Kartograficznych
_4pbl.
856 _uhttp://koha.tu.koszalin.pl/cgi-bin/koha/opac-detail.pl?biblionumber=10980
_yKatalog online BPK
942 _2UKD
_cKS
999 _c10980
_d10980